LEADER 00940nam0-2200325---450- 001 990009345440403321 005 20110419111855.0 010 $a978-0-521-52161-1 035 $a000934544 035 $aFED01000934544 035 $a(Aleph)000934544FED01 035 $a000934544 100 $a20110419d2010----km-y0itay50------ba 101 0 $aeng 102 $aGB 105 $aa-------001yy 200 1 $a<>reformation of rights$elaw, religion and human rights in early modern Calvinism$fJohn Witte, Jr. 205 $aRepr. 210 $aCambridge$cCambridge University Press$d2010 215 $axv, 388 p.$cill.$d23 cm 610 0 $aCalvinismo 676 $a261.7094$v22$zita 700 1$aWitte,$bJohn$f<1959- >$0510813 801 0$aIT$bUNINA$gREICAT$2UNIMARC 901 $aBK 912 $a990009345440403321 952 $aII G 198$b46623$fFSPBC 959 $aFSPBC 996 $aReformation of rights$9767580 997 $aUNINA LEADER 03798oam 22009494a 450 001 9910454705903321 005 20211028114839.0 010 $a1-4473-0249-4 010 $a1-282-12126-X 010 $a9786612121265 010 $a1-84742-421-X 035 $a(CKB)1000000000762117 035 $a(EBL)435899 035 $a(OCoLC)429118169 035 $a(SSID)ssj0000169635 035 $a(PQKBManifestationID)11183967 035 $a(PQKBTitleCode)TC0000169635 035 $a(PQKBWorkID)10203733 035 $a(PQKB)10126378 035 $a(UtOrBLW)PPO00010 035 $a(MiAaPQ)EBC435899 035 $a(MdBmJHUP)musev2_80298 035 $a(EXLCZ)991000000000762117 100 $a20090804d2009 uy 0 101 0 $aeng 135 $aur|n|---||||| 181 $ctxt 182 $cc 183 $acr 200 10$aHealthcare in the UK$eUnderstanding continuity and change /$fIan Greener 210 1$aBristol :$cPolicy Press,$d2009. 210 4$dİ2009. 215 $a1 online resource (305 p.) 300 $aDescription based upon print version of record. 311 $a1-86134-609-3 320 $aIncludes bibliographical references (p. 257-283) and index. 327 $aHealthcare in the UK; Contents; List of tables and boxes; Acknowledgements; List of abbreviations; 1. Introduction; 2. The creation of the NHS and its relevance for today; 3. The tripartite split; 4. The double-bed; 5. Funding the NHS; 6. Managing in the NHS; 7. Nursing; 8. The role of the public inhealth policy; 9. Health policy under Labour; 10. Conclusion; References; Index. 330 $aThis book contends that attempts to reform the NHS can only be understood by reference to both the wider social and political contexts, and to the organisational and ideational legacies present within the NHS itself. It aims to take students beyond a basic understanding of the historical development of health policy in the UK, to one that demonstrates an appreciation of the interactions between health policy, organisation and society. 606 $aReform$2idszbz 606 $aGesundheitswesen$2idszbz 606 $aMedical policy$2fast$3(OCoLC)fst01014505 606 $aHealth care reform$2fast$3(OCoLC)fst00952850 606 $aMEDICAL$xHealth Care Delivery$2bisacsh 606 $aMEDICAL$xDiseases$2bisacsh 606 $aHEALTH & FITNESS$xDiseases$xGeneral$2bisacsh 606 $aMEDICAL$xHealth Policy$2bisacsh 606 $aMEDICAL$xPublic Health$2bisacsh 606 $aHEALTH & FITNESS$xHealth Care Issues$2bisacsh 606 $aState Medicine$xhistory 606 $aHistory, 21st Century 606 $aHistory, 20th Century 606 $aHealth Care Reform$xhistory 606 $aHealth care reform$zGreat Britain 606 $aMedical policy$zGreat Britain 607 $aGrossbritannien$2idszbz 607 $aGreat Britain$2fast 607 $aUnited Kingdom 608 $aElectronic books. 615 0$aReform. 615 0$aGesundheitswesen. 615 0$aMedical policy. 615 0$aHealth care reform. 615 0$aMEDICAL$xHealth Care Delivery. 615 0$aMEDICAL$xDiseases. 615 0$aHEALTH & FITNESS$xDiseases$xGeneral. 615 0$aMEDICAL$xHealth Policy. 615 0$aMEDICAL$xPublic Health. 615 0$aHEALTH & FITNESS$xHealth Care Issues. 615 0$aState Medicine$xhistory. 615 0$aHistory, 21st Century. 615 0$aHistory, 20th Century. 615 0$aHealth Care Reform$xhistory. 615 0$aHealth care reform 615 0$aMedical policy 676 $a362.10941 700 $aGreener$b Ian$0607162 801 0$bMdBmJHUP 801 1$bMdBmJHUP 906 $aBOOK 912 $a9910454705903321 996 $aHealthcare in the UK$92051929 997 $aUNINA LEADER 02375oam 2200493I 450 001 9911044020503321 005 20230814233540.0 010 $a1-135-20029-7 010 $a0-203-69993-9 010 $a1-135-20028-9 024 7 $a10.4324/9780203699935 035 $a(CKB)3840000000331079 035 $a(MiAaPQ)EBC5265736 035 $a(OCoLC)1027753971 035 $a(EXLCZ)993840000000331079 100 $a20180706d2018 uy 0 101 0 $aeng 135 $aurcnu|||||||| 181 $2rdacontent 182 $2rdamedia 183 $2rdacarrier 200 10$aPerversions $eDeviant Readings by Mandy Merck /$fMandy Merck 205 $aFirst edition. 210 1$aLondon :$cTaylor and Francis,$d2018. 215 $a1 online resource (179 pages) $cillustrations 300 $aIncludes index. 311 08$a1-138-42885-X 311 08$a0-415-90792-6 327 $tpart, case histories -- $tchapter introduction /$r Mandy Merck -- $tchapter the train of thought in Freud's 'Case of Homosexuality in a Woman' /$r Mandy Merck -- $tchapter the critical cult of Dora /$r Mandy Merck -- $tchapter a case of AIDS /$r Mandy Merck -- $tpart, Portraits -- $tchapter Marilyn Monroe by Gloria Steinem, Brigitte Bardot by Simone de Beauvoir /$r Mandy Merck -- $tchapter 'Transforming the Suit': a century of lesbian self-portraits /$r Mandy Merck -- $tchapter portrait of a marriage? /$r Mandy Merck -- $tpart, heroines -- $tchapter the Amazons of ancient Athens /$r Mandy Merck -- $tchapter Lianna and the lesbians of art cinema /$r Mandy Merck -- $tchapter from robot to romance /$r Mandy Merck -- $tpart, Sexual politics -- $tchapter the fatal attraction of Intercourse /$r Mandy Merck -- $tchapter More of a Man: gay porn cruises gay politics /$r Mandy Merck -- $tchapter the feminist ethics of lesbian s/m /$r Mandy Merck. 330 2 $a"First published in 1993. Routledge is an imprint of Taylor and Francis, an informa company."--Provided by publisher. 606 $aParaphilias 606 $aDeviant behavior 606 $aSex in literature 615 0$aParaphilias. 615 0$aDeviant behavior. 615 0$aSex in literature. 676 $a364.1536 700 $aMerck$b Mandy$01599903 801 0$bFlBoTFG 801 1$bFlBoTFG 906 $aBOOK 912 $a9911044020503321 996 $aPerversions$94461108 997 $aUNINA